000 00968nam a2200241Ia 4500
003 OSt
005 20210706164041.0
008 210310s2010 ck aod gr 000 0 spa d
020 _a9789589947500
040 _aCO-JMCR
_cCO-JMCR
041 0 _aspa
082 0 4 _a332.6327 /
_bF292n
_223
110 2 _aFedemutuales
_938395
245 1 3 _aLa nueva agenda del mutualismo colombiano /
_cFedemutuales
260 _aMedellín :
_bFederación de Mutuales de Antioquia,
_c2010
300 _a216 páginas :
_bilustraciones, fotografías y gráficas a color ;
_c23 cm.
504 _aBibliografía: páginas 215-216
505 0 _aReferente histórico y teórico -- Estado actual del Mutualismo colombiano -- Condiciones de éxito del Mutualismo colombiano -- Un futuro posible para el Mutualismo colombiano
650 1 4 _aMutualismo (Economía)
_916169
_zColombia
650 2 4 _aGrupos sociales
_zColombia
_938396
650 2 4 _aCooperativismo
_zColombia
_938397
942 _2ddc
_cBK
999 _c8041
_d8041